00338nam a2200133Ia 4500003000900000008004100009040001300050040001300063100001800076245008400094260001200178300000800190490000600198IT-RoPAU120407s9999 xx 000 0 und d aIT-RoPAU cIT-RoPAU aLeone Braschi aLa massoneria e la Chiesa cattolica. Un terribile scontro un possibile incontro aNardini c cm v1